1336 1321 1724 1491 1888 1004 1288 1891 1274 1539 1877 1269 1787 1456 1305 1195 1518 1802 1310 1846 1314 1577 1867 1803 1871 1686 1097 1216 1059 1866 1667 1005 1578 1427 1100 1085 1123 1016 1129 1131 1160 1748 1773 1141 1636 1196 1068 1487 1008 1535 1186 1523 1282 1299 1358 1411 1247 1776 1123 1852 1926 1061 1249 1641 1462 1367 1795 1958 1430 1488 1687 1306 1058 1954 1999 1941 1853 1919 1551 1359 1735 1663 1617 1607 1878 1834 1995 1499 1221 1235 1257 1144 1179 1211 1622 1745 1297 1887 1027 BCNSPRNW ULIB Ver.6.0+V

เปลี่ยนเป็นภาษาไทย

Change to English
 แสดงรายละเอียดบรรณานุกรม
  กลับหน้าหลัก

Brief Record : Get Marc (ISO 2709) : E-mail record : QR code < ปิดหน้าต่าง
LEADER : 00000nam 2200000uu 4500
001    13399111666
003     ULIB
008    110704s2552||||th 000 0 tha d
020    9789746603935
050 04 BQ4570^bพ326พ 2552
110 2  กองทุนพุทธฉือจี้
245 10 พุทธฉือจี้ พุทธที่ไม่เคยเห็นมาก่อน =^bUnseen buddhism/^cกองทุนพุทธฉือจี้
246 31 Unseen buddhism
250    พิมพ์ครั้งที่ 1
260    กรุงเทพฯ :^bกองทุนพุทธฉือจี้ ,^c2552
300    128 หน้า :^bภาพประกอบสี
650  7 พุทธฉือจี้
945    ^p0^l0^i029131
995    ทศพร
999 ^a ใช้งานได้ทุกระบบ
รายการนี้ยังไม่มีแท็ก
คุณยังไม่ได้ล็อกอิน คุณสามารถมีกิจกรรมร่วมกับเว็บไซต์ได้ แต่ต้องล็อกอินก่อน ::
  ล็อกอิน

รายการสื่อสารสนเทศ

ลำดับที่ ประเภท เลขเรียก/บาร์โค้ด สถานที่ สถานะ
- ไม่พบข้อมูล -

รายการใกล้เคียง
    หัวเรื่อง [พุทธฉือจี้]

BibComment


ยังไม่เคยถูกคอมเมนท์

คอมเมนท์ทรัพยากรรายการนี้
  คอมเมนท์: พุทธฉือจี้ พุทธที..


 Copyright 2026. Bcnsprnw @Library